| 000 | 00882nam a22002177a 4500 | ||
|---|---|---|---|
| 999 |
_c2890 _d2890 |
||
| 003 | AR-CdUCM | ||
| 008 | 190305b ||||| |||| 00| 0 spa d | ||
| 040 |
_aMUNICIPALIDAD PROVINCIAL DEL CUSCO _cBIBLIOTECA MUNICIPAL DEL CUSCO |
||
| 082 |
_a869.563 / _bC562 |
||
| 110 |
_aUniversidad Nacional Mayor de San Marcos _95627 |
||
| 245 | _aChocano poesía / | ||
| 260 |
_aLima : _bSan Marcos, _c1959. |
||
| 300 |
_a158 páginas ; _c17 cm. |
||
| 440 |
_aBiblioteca de cultura general _n2 _99967 |
||
| 505 | _aContenido: Noticia histórico-literaria: el movimiento modernista -- Cronología de las obras premodernistas y modernistas en el Perú -- La poesía de Chocano -- Una composición caracteristica -- Antología poetica -- Juicios críticos. | ||
| 650 |
_aPoesía _9139 |
||
| 650 |
_aAntología poetica _93092 |
||
| 650 |
_aAnálisis _92730 |
||
| 942 |
_2ddc _cLIBROS |
||
| 945 | _azta | ||